| Tag |
First Indicator |
Second Indicator |
Subfields |
| LEADER |
00000cam a2200000 4500 |
| 001 |
in00000054968 |
| 005 |
20151008052135.0 |
| 008 |
721218s1936 nyu 00000 eng u |
| 010 |
|
|
|a 36027174
|
| 035 |
|
|
|a (OCoLC)00519286
|
| 035 |
|
|
|9 AAH1886AM
|
| 040 |
|
|
|c YNG
|d TXA
|d UtOrBLW
|
| 049 |
|
|
|a TXAM
|c [63603]
|
| 050 |
|
0 |
|a JS1112.A8
|b H6 1936
|
| 092 |
|
|
|a 352.07759
|b H678c
|
| 100 |
1 |
|
|a Hoan, Daniel W.
|q (Daniel Webster),
|d 1881-1961.
|
| 245 |
1 |
0 |
|a City government ;
|b the record of the Milwaukee experiment /
|c by Daniel W. Hoan.
|
| 264 |
|
1 |
|a New York :
|b Harcourt, Brace and co.,
|c [1936]
|
| 264 |
|
4 |
|c [©1936]
|
| 300 |
|
|
|a xi,365 pages
|
| 336 |
|
|
|a text
|b txt
|2 rdacontent
|
| 337 |
|
|
|a unmediated
|b n
|2 rdamedia
|
| 338 |
|
|
|a volume
|b nc
|2 rdacarrier
|
| 500 |
|
|
|a "First edition."
|
| 650 |
|
0 |
|a Socialism
|z Wisconsin
|z Milwaukee.
|
| 650 |
|
0 |
|a Municipal government
|z United States.
|
| 651 |
|
0 |
|a Milwaukee (Wis.)
|x Politics and government.
|
| 651 |
|
0 |
|a Milwaukee (Wis.)
|x Social conditions.
|
| 740 |
4 |
|
|a The Milwaukee experiment.
|
| 999 |
|
|
|a MARS
|
| 999 |
f |
f |
|s 826b47de-cbfc-3a50-83fd-0b6f90ea3622
|i a2ce369d-ef3d-3627-86a3-9a61e56e4bb9
|t 0
|
| 952 |
f |
f |
|p ric
|a Texas A&M University
|b Rellis Campus
|c Joint Library Facility
|d Remote Storage
|t 0
|e JS1112.A8 H6 1936
|h Library of Congress classification
|i unmediated -- volume
|m A14800797230
|
| 998 |
f |
f |
|a JS1112.A8 H6 1936
|t 0
|l Remote Storage
|